|
|
|
|
| LEADER |
02268nam a2200589 a 4500 |
| 001 |
nkc20102096619 |
| 003 |
CZ PrNK |
| 005 |
20110303104525.0 |
| 007 |
ta |
| 008 |
100415s2010 xr a f m 000 0 cze |
| 015 |
|
|
|a cnb002096619
|
| 020 |
|
|
|a 978-80-248-2200-6
|q (brož.) :
|c neprodejné
|
| 035 |
|
|
|a (OCoLC)707607710
|
| 040 |
|
|
|a ABA001
|b cze
|
| 041 |
0 |
|
|a cze
|b eng
|
| 043 |
|
|
|a e-xr---
|
| 072 |
|
7 |
|a 351
|x Úkoly veřejné správy, správní opatření, legislativa
|2 Konspekt
|9 15
|
| 080 |
|
|
|a 351.74
|2 MRF
|
| 080 |
|
|
|a 629.734/.735-519
|2 MRF
|
| 080 |
|
|
|a 629.735.45:351.74
|2 MRF
|
| 080 |
|
|
|a (437.3)
|2 MRF
|
| 080 |
|
|
|a (043.5)
|2 MRF
|
| 080 |
|
|
|a (048.3)
|2 MRF
|
| 100 |
1 |
|
|a Hrinko, Martin,
|d 1971-
|7 jx20070424028
|4 dis
|
| 245 |
1 |
0 |
|a Bezpilotní monitorovací systém v policejní praxi :
|b teze habilitační práce /
|c Martin Hrinko
|
| 250 |
|
|
|a 1. vyd.
|
| 260 |
|
|
|a Ostrava :
|b VŠB - Technická univerzita Ostrava,
|c 2010
|
| 300 |
|
|
|a 24 s. :
|b il. ;
|c 21 cm
|
| 500 |
|
|
|a Název z obálky
|
| 500 |
|
|
|a "Obor: Bezpečnost a požární ochrana"
|
| 500 |
|
|
|a 40 výt.
|
| 502 |
|
|
|a Teze habilitační práce--Vysoká škola báňská - Technická univerzita Ostrava, Fakulta bezpečnostního inženýrství, 2010
|
| 504 |
|
|
|a Obsahuje bibliografii
|
| 546 |
|
|
|a Anglická resumé
|
| 610 |
1 |
7 |
|a Česko.
|b Policie
|7 ko2002159737
|2 czenas
|
| 650 |
0 |
7 |
|a policie
|7 ph124228
|z Česko
|2 czenas
|
| 650 |
0 |
7 |
|a bezpilotní letadla
|7 ph451662
|z Česko
|2 czenas
|
| 650 |
0 |
7 |
|a policejní vrtulníky
|7 ph416450
|z Česko
|2 czenas
|
| 650 |
0 |
9 |
|a police
|z Czechia
|2 eczenas
|
| 650 |
0 |
9 |
|a unmanned aircraft
|z Czechia
|2 eczenas
|
| 650 |
0 |
9 |
|a police helicopters
|z Czechia
|2 eczenas
|
| 655 |
|
7 |
|a habilitační práce
|7 fd185153
|2 czenas
|
| 655 |
|
7 |
|a teze
|7 fd133701
|2 czenas
|
| 655 |
|
9 |
|a habilitation theses
|2 eczenas
|
| 655 |
|
9 |
|a abstracts
|2 eczenas
|
| 710 |
2 |
|
|a Vysoká škola báňská - Technická univerzita Ostrava.
|b Fakulta bezpečnostního inženýrství
|7 kn20040126029
|
| 910 |
2 |
|
|a BOA001
|b 2-1261.007
|
| 928 |
9 |
|
|a Vysoká škola báňská - Technická univerzita Ostrava
|
| 990 |
|
|
|a BK
|
| 995 |
|
|
|a 01
|
| 991 |
|
|
|b 201102
|c NOV
|e n
|
| 996 |
6 |
|
|b 2610462772
|c 2-1261.007
|l MZK
|r Sklad / do 1 hodiny
|n 2
|p p.v.
|w 001167112
|u 000010
|a 1
|e BOA001
|j MZK50
|s P
|